000 00246nam a2200097Ia 4500
008 220204s9999 xx 000 0 und d
082 _a002.72986
_bSTA
245 0 _aStatistical decision. Pt 1-4
260 _aUSA
_bHarward College
_c1967
942 _cBK
999 _c37248
_d37248